Drug Stability: Principles and Practices (Record no. 8649)

MARC details
000 -LEADER
fixed length control field 00435nam a22001697a 4500
003 - CONTROL NUMBER IDENTIFIER
control field OSt
008 - FIXED-LENGTH DATA ELEMENTS--GENERAL INFORMATION
fixed length control field 200604b ||||| |||| 00| 0 eng d
020 ## - INTERNATIONAL STANDARD BOOK NUMBER
International Standard Book Number 9788123915876
082 ## - DEWEY DECIMAL CLASSIFICATION NUMBER
Classification number 615.18 CAD
100 ## - MAIN ENTRY--PERSONAL NAME
Personal name Carstensen, Jens.T (ed)
245 ## - TITLE STATEMENT
Title Drug Stability: Principles and Practices
250 ## - EDITION STATEMENT
Edition statement 3rd
260 ## - PUBLICATION, DISTRIBUTION, ETC. (IMPRINT)
Place of publication, distribution, etc New Delhi
Name of publisher, distributor, etc Informa Health Care
Date of publication, distribution, etc 2010
310 ## - CURRENT PUBLICATION FREQUENCY
Current publication frequency 773
650 ## - SUBJECT ADDED ENTRY--TOPICAL TERM
Topical term or geographic name as entry element Pharmacy General Books
942 ## - ADDED ENTRY ELEMENTS (KOHA)
Source of classification or shelving scheme Dewey Decimal Classification
Koha item type Text Books
Holdings
Withdrawn status Lost status Source of classification or shelving scheme Damaged status Not for loan Collection code Home library Current library Date acquired Source of acquisition Currency Cost, normal purchase price Serial Enumeration / chronologySerial Enumeration / Volume No. Bill Number Total Checkouts Full call number Acc. no. / Barcode Date last seen Actual Cost, discounted price Bill Date Koha item type
    Dewey Decimal Classification     B.Pharma PIET C-LIBRARY PIET C-LIBRARY 09/01/2020 Kirti Praskshan IN Rupees 13149.00 107 IN5989   615.18 CAD BP524 04/06/2020 9861.75 09/01/2020 Text Books
    Dewey Decimal Classification     B.Pharma PIET C-LIBRARY PIET C-LIBRARY 09/01/2020 Kirti Praskshan IN Rupees 13149.00 107 IN5989   615.18 CAD BP525 04/06/2020 9861.75 09/01/2020 Text Books
    Dewey Decimal Classification     B.Pharma PIET C-LIBRARY PIET C-LIBRARY 09/01/2020 Kirti Praskshan IN Rupees 13149.00 107 IN5989   615.18 CAD BP526 04/06/2020 9861.75 09/01/2020 Reference Books

Design & Developed by: PIET Central Library
R70 Miles Stone Pattikalyana Samalkha Panipat 132102
mail ID :- [email protected], Phone No:- 0180-2569700 Ex.216